[Event "Canadian op"]
[Site "Edmunston"]
[Date "1990.07.07"]
[Round "9"]
[White "Hamilton, Robert"]
[Black "Horton, Joe"]
[Result "1-0"]
[WhiteElo "2402"]
[BlackElo "2244"]
[PlyCount "43"]
[EventDate "1990.06.29"]
[EventType "swiss"]
[EventRounds "10"]
[EventCountry "CAN"]
[SourceTitle "EXT 2022"]
[Source "ChessBase"]
[SourceDate "2021.10.06"]
[SourceVersion "1"]
[SourceVersionDate "2021.10.06"]
[SourceQuality "1"]

1. e4 g6 2. d4 Bg7 3. c3 d6 4. f4 Nf6 5. Bd3 0-0 6. Nf3 c5 7. dxc5 dxc5 8. e5 Nd5 9. Be4 e6 10. Qe2 Nc6 11. 0-0 f6 12. exf6 Qxf6 13. g3 b6 14. Na3 a5 15. Nb5 Ba6 16. a4 Rad8 17. Bd2 Kh8 18. Rae1 e5 19. fxe5 Qe6 20. Ng5 Qe7 21. Rxf8+ Bxf8 22. Qg2 1-0